000 00567nam a22002057a 4500
003 OSt
005 20140310182817.0
008 130301t xxu||||| |||| 00| 0 eng d
020 _a9780072556803
050 _aQR63
_b.H285 2005
082 _aM 579
_b.H22 2005
245 _aLaboratory exercises in microbiology
_cHarley, John P.
260 _aBoston
_bMcGraw-Hill/Higher Education
_c2005
300 _axiv, 486 p. :
_bill. (some col.)
_c26cm
521 _aCollege students
526 _c1210L-1700L
541 _j1
562 _e1
942 _2lcc
_cBK
_kM
999 _c16308
_d16308